Romanian: Pronouns - Statistics

General Stats
  • This quiz has been taken 56 times
    40 since last reset
  • The average score is 41 of 58
Answer Stats
Română English % Correct
El He
100%
Pe ea/Ei/O/Îi Her
100%
A ei Hers
100%
Pe el/Lui/Îl/L Him
100%
A lui/Său His
100%
Eu I
100%
Mă/Pe mine/Îmi/Mie/Cu mine Me
100%
Nimic Nothing
100%
Ea She
100%
Câteva/Unii/Niște Some
100%
Al lor/A lor/Ai lor/Ale lor Theirs
100%
Pe ei/Pe ele/Le/Lor Them
100%
Pe noi/Ne Us
100%
Cine (also that, which) Who
100%
Tu/Te/Tine/Pe tine/Voi/Vă/Pe voi/Îți/Ție/'Ți/Dumneata/Dumneavoastră/Pe dumneavoastră You
100%
Tot/Toți/Toată All
86%
Vreun/Vreunul/Niciun Any
86%
Orice Anything
86%
Ambele/Amândoi Both
86%
Meu/Mea My
86%
Nostru/Al nostru/Țara noastră Our
86%
Ceva Something
86%
O să/Ei They
86%
Noi We
86%
Ce What
86%
Cui Whom
86%
Toată lumea Everyone
71%
Totul Everything
71%
Ea însăși Herself
71%
El însuși Himself
71%
Mulți Many
71%
Nimeni Nobody
71%
Niciun/Niciuna/Nici unul/Niciun pic/Nicio parte None
71%
Acea/Acela/Pe care That
71%
Care (also that, who) Which
71%
Ale cui/A cărui/Ale căror/Cărora Whose
71%
Tău/Ta/Tăi/Tale Your
71%
Al tău/A ta/Ai tăi/Ale tale/Al(e) dumneavoastră/A(i) dumneavoastră Yours
71%
Tu însuți Yourself
71%
Cineva (also somebody)/Pe nimeni Anybody
57%
Puțini Few
57%
Noi înșine Ourself
57%
Ăsta/Acesta/Această This
57%
Acei/Aceia/Acestea/Cei/Acele/Acelea/Acelora/Acelor Those
57%
Cu mine/De acord cu mine/Lângă mine/De partea mea/În sprijinul meu/În compania mea With me
57%
Cu noi/Alături de noi/De partea noastră With us
57%
Fiecare/Pe bucată Each
43%
Se întrebe/Ei înșiși Themself
43%
Cu tine/Cu voi/Cu dumneavoastră With you
43%
Nici/Tot nu/De asemenea nu Either
29%
Singur/Singură/În sine Itself
29%
Din care/Dintre care Of which
29%
Unul pe altul/Între ei One another
29%
Așa și așa/Cutare și cutare/Nu-știu-ce (also something or other) Such and such
29%
Cei care/Cele care/Acelea care/Celor care Those that
29%
Oricare Whatever
29%
Cine oare/Oricine Whoever
29%
Altcineva/Încă Another
14%
No matching quizzes found
Score Distribution
Percent of People with Each Score
Percentile by Number Answered
Your Score History
You have not taken this quiz since the last reset